Random landing on Earth, likeliest closest capital, 5 by Continent - Statistics

General Stats
  • This quiz has been taken 142 times
  • The average score is 20 of 30
Answer Stats
Capital % Correct
Mexico City
96%
Washington
94%
Brasília
92%
Ottawa
92%
Canberra
90%
Wellington
90%
Moscow
89%
Lima
84%
Santiago
83%
Tokyo
83%
Cape Town
77%
Montevideo
75%
Reykjavík
75%
Lisbon
72%
Jakarta
69%
Helsinki
68%
Dublin
67%
Guatemala City
63%
Ulaanbaatar
63%
Astana
54%
Apia
53%
Paramaribo
53%
Praia
48%
Dili
45%
Port Louis
44%
Majuro
38%
Nukuʻalofa
38%
Windhoek
37%
Saint John's
21%
Monrovia
18%
No matching quizzes found
Score Distribution
Percent of People with Each Score
Percentile by Number Answered
Your Score History
You have not taken this quiz